000 00288 a2200109 4500
000 nam a22 7a 4500
005 20251203112711.0
100 _aSayed Abdariba
_9854014
245 _aAzwai Ali asas al-behas al-ilmi wa qawaid
260 _bMaktaba al-Anjlu Misriya
_c2005
942 _cTB
999 _c1465785
_d1465785